000 00734cam a2200217 i 4500
005 20260519122917.0
020 _a9781647826352
041 _aENG
082 0 0 _a306.36
_bDEN
100 1 _aDe Neve, Jan-Emmanuel
245 1 0 _aWhy workplace wellbeing matters :
_bthe science behind employee happiness and organizational performance /
_cJan-Emmanuel De Neve, George Ward.
260 _aBoston :
_bHarvard Business Review Press ,
_c205.
300 _avi, 286 pages ;
_c26 cm
504 _aIncludes bibliographical references and (pages 240-271) index.
650 0 _aQuality of work life.
650 0 _aWork-life balance.
650 0 _aWell-being.
650 0 _aPsychology, Industrial.
700 1 _aWard, George
942 _2ddc
_cBK
999 _c24348
_d24348